01482nam a2200361 a 4500001001000000003000500010005001700015008004100032010001100073011001100084040000900095090001000104100003400114245012400148260004100272500006000313502006900373590004100442590004100483590003900524590003900563650003100602650004200633650002600675650003200701856007000733901000700803942001000810942000600820999001900826952014000845952013500985000108732CHAP20220329144023.0140306s2012 mx a |sm |||||||spa|d a105194 a106166 cCHAP aTesis1 aRosas Flores, Arisbel912576310aManual de organización de la unión regional de silvicultores Tláloc A.C.h[En línea]cpor Arisbel Rosas Flores. aChapingo, Méx. :bEl autor,c2012. aPara ver el contenido del material haga clic en la liga aTesis (Ing. Forestal) -- UACH. División de Ciencias Forestales aBATCH-UPDb05c20140324lUCH01h1536 aBATCH-UPDb05c20141002lUCH01h0857 aE792CSJb05c20140306lUCH01h1431 aE792CSJb05c20140306lUCH01h143114aIncendiosxControl.95752314aOrganización de productores.98354414aSilvicultura.910610914aViveros forestales.9120100 aFinding aiduhttp://10.13.5.2/tesis/sist108732.pdfzTeclea aquí aBK cTESIS n0 c105194d105194 00102local4053708TESISaBCbBCcPA_TESISd2014-03-06fTESISl0oTesisp33724002357876r2019-12-31 00:00:00tc.2w2019-12-31yTESIS 00102local4051708TESISaBCbBCcPA_TESISd2014-03-06fTESISl0oTesisp33724002357918r2019-12-31 00:00:00w2014-03-06yTESIS